Острог (Запис № 459716)

МАРК-запис
000 -Лідер
fixed length control field 00575caa a22001937a 4500
003 - Ідентифікатор контрольного номера
control field UA-OsUOA
005 - Дата та час останнього входження (трансакції)
control field 20200626124812.0
008 - Елементи даних фіксованої довжини – загальна інформація
fixed length control field 200626b un ||||| |||| 00| 0 ukr d
040 ## - Джерело каталогізації
Агенція оригінальної каталогізації UA-OsUOA
Мова каталогізації ukr
Агенція, яка здійснювала перезапис UA-OsUOA
Агенція, яка здійснювала модифікацію UA-OsUOA
041 ## - Код мови
Код мови тексту/ звукової доріжки чи окремого заголовка (П) ukr
080 ## - Індекс Універсальної десяткової класифікації
Індекс Універсальної десяткової класифікації (УДК) (НП) 908
090 ## - Локальний шифр розміщення
Класифікаційний індекс УДК 908
100 ## - Основне введення – ім’я особи
Ім’я особи (НП) Вихованець Т.
245 ## - Відомості про назву
Назва (НП) Острог
Дані про відповідальність (НП) Т. Вихованець
300 ## - Фізичний опис
Обсяг С. 132–137
650 ## - Додаткове предметне введення – тематичний термін
Джерело заголовка чи терміна UDC
773 0# - Введення хост-одиниці (П)
Бібліонома 434474
Host Itemnumber 456307
Заголовок основного введення Вихованець Т.
Місце, видавець та дата видання (НП) Нетішин 2016
Інший ідентифікатор одиниці опису 162401
Назва (НП) Частинка історії
Міжнародний стандартний книжковий номер (ISBN) 9786177328307
942 ## - Додаткові елементи входу (Коха)
Source of classification or shelving scheme Universal Decimal Classification
Тип елемента Koha Складова частина документа

Немає доступних примірників.